| 000 | 01448cam a2200265 4500 | ||
|---|---|---|---|
| 001 | ABS67173 | ||
| 008 | 031029n2003 000 0 eng u | ||
| 035 | _a(Sirsi) u124173 | ||
| 100 | _aLovell, D. | ||
| 245 | _aBuilding changes | ||
| 260 | _c2003 | ||
| 490 |
_aEstates Gazette _v(0342) 18 October 2003, 118-119(2) |
||
| 520 | _aDiscusses the substantial changes to the common law rules of multi-ownership buildings in Scotland effected by the Tenements (Scotland) Bill upon becoming law. It proposes reforms of the law of tenement, which applies to the regulation of maintenance and common rights in both residential and non-residential tenement properties. Reform is deemed to be necessary as the conversion of single-occupancy to multi-ownership is increasing in Scotland. Details what the changes will mean and what flat owners (flats defined as any separately owned floor of a multi-ownership building).should be aware of. Concludes that it offers a sensible solution, allowing owners to regulate matters among themselves while providing a default process if the need arises. | ||
| 590 | _aABS | ||
| 650 | _aSCOTLAND | ||
| 650 | _aTENEMENTS | ||
| 650 | _aTENEMENTS (SCOTLAND) BILL | ||
| 650 | _aMULTI-OWNERSHIP | ||
| 650 | _aSINGLE OCCUPATION | ||
| 650 | _aBUILT ENVIRONMENT-BUILDING MAINTENANCE AND REFURBISHMENT | ||
| 650 | _aCOMMON RIGHTS | ||
| 650 | _aFLAT OWNERS | ||
| 690 |
_aLANDLORD AND TENANT _96252 |
||
| 942 | _n0 | ||
| 999 |
_c73706 _d73706 |
||